000 00732cam a22002291 4500
001 sa 67003353
003 DLC
005 20260227112338.0
008 781121s1960 pk ab 000 0 eng
010 _asa 67003353
025 _aPL480:P-E-1122
035 _a(OCoLC)4390645
040 _aDLC
_cMH
_dDLC
042 _apremarc
050 0 0 _aHN690.5.P82
_bH3
100 1 _aHaider, Agha Sajjad.
245 1 0 _aVillage in an urban orbit;
_bShah-di-Khui, a village in Lahore urban area.
260 _aLahore,
_bSocial Sciences Research Centre, University of the Panjab,
_c1960.
300 _a35 p.
_billus., maps (part fold)
_c28 cm.
490 0 _aThe village in Pakistan today
650 0 _aVillages
_zPakistan
_zPunjab
_vCase studies.
999 _c73811
_d73811